Основы теории упругости и пластичности: учебное пособие

Detalles Bibliográficos
Autor principal: Теребушко О. И. Олег Иванович
Lenguaje:ruso
Publicado: Москва, Наука, 1984
Materias:
Formato: MixedMaterials Libro
KOHA link:https://koha.lib.tpu.ru/cgi-bin/koha/opac-detail.pl?biblionumber=124874

MARC

LEADER 00000nam0a2200000 4500
001 124874
005 20231031131137.0
035 |a (RuTPU)RU\TPU\book\135142 
090 |a 124874 
100 |a 20071108d1984 m y0rusy50 ca 
101 0 |a rus 
102 |a RU 
105 |a a j 001zy 
200 1 |a Основы теории упругости и пластичности  |e учебное пособие  |f О. И. Теребушко 
210 |a Москва  |c Наука  |d 1984 
215 |a 320 с.  |c ил. 
320 |a Список литературы: с. 318-319. 
610 1 |a теория пластичности 
610 1 |a упругость 
610 1 |a пластичность 
610 1 |a учебные пособия 
675 |a 539.3(075.4)  |v 3 
675 |a 214(075.4)  |v 3 
700 1 |a Теребушко  |b О. И.  |g Олег Иванович 
801 1 |a RU  |b 63413507  |c 20071108  |g PSBO 
801 2 |a RU  |b 63413507  |c 20140416  |g PSBO 
942 |c BK